000 00730nam a2200241Ia 4500
003 OSt
005 20220930064433.0
006 a|||||r|||| 00| 0
007 ta
008 220926b |||||||| |||| 00| 0 eng d
024 _a4207
037 _cTheses
040 _aCRL
_cCRL
_beng
041 _2eng
_aeng
100 _aGupta Promila
_9524480
110 _aUniversity of Delhi. Faculty of Science. Department of Botany
245 0 _aReproductive biology of Guggul (Commiphora wightill) with special emphasis on Apomixis and Polyembryony
260 _c1996
650 _aBOTANY
700 _aUniversity of Delhi. Faculty of Science. Department of Botany
942 _cDIS
_2CC
999 _c858178
_d858178